Sukatan Lama Peperiksaan Jabatan Penilaian dan Perkhidmatan Harta Bagi 1. Penolong Pegawai Penilaian 2. Juruteknik Penilaian (Khas) 3. Juruteknik Penilaian 4. Pelukis Pelan 5. Pelukis Pelan Rendah (Penyurih)

Bibliographic Details
Format: Book
Subjects:
Online Access:http://app.inspen.gov.my:7779/pls/portal/docs/PAGE/CORPORATEPAGES/PORTAL_INSPEN/NOTA_KURSUS/AVO/CX.PDF

MARC

LEADER 00000cam a2200000 7i4500
001 0000006586
005 20071130.0
040 |a INS 
090 0 0 |a AVO23 
245 0 0 |a Sukatan Lama Peperiksaan Jabatan Penilaian dan Perkhidmatan Harta Bagi 1. Penolong Pegawai Penilaian 2. Juruteknik Penilaian (Khas) 3. Juruteknik Penilaian 4. Pelukis Pelan 5. Pelukis Pelan Rendah (Penyurih) 
500 |a Digital document is available on-line; Please click the URL below 
650 0 0 |a Penolong Pegawai Penilaian 
856 |u http://app.inspen.gov.my:7779/pls/portal/docs/PAGE/CORPORATEPAGES/PORTAL_INSPEN/NOTA_KURSUS/AVO/CX.PDF 
999 |a AVO0000044   |b BOOK   |c Course Notes   |e Default branch